| 000 | 00461ntaaa2200181 4500 | ||
|---|---|---|---|
| 003 | 01 | ||
| 005 | 20251027202339.0 | ||
| 008 | 0714s1973 ag 01 | ||
| 040 |
_aAR-BaBN _bspa _cAR-BaBN _eaacr _dRIC |
||
| 082 | _a296.8340 So5 | ||
| 100 |
_aSonsino, Rifat _922120 |
||
| 245 | _aIntroducción al judaísmo reformista | ||
| 250 | _a1 ed. | ||
| 260 |
_aBuenos Aires : _bCongregación Emanuel, _cc1968 |
||
| 300 | _a93 p | ||
| 650 |
_aJudaísmo _94672 |
||
| 942 | _cBK | ||
| 999 |
_c18352 _d18352 |
||